000 00520nam a2200217Ia 4500
003 OSt
005 20220928143405.0
006 a|||||r|||| 00| 0
007 ta
008 220927b |||||||| |||| 00| 0 eng d
024 _a21838
037 _cTextual
040 _aSDCL
_cSDCL
_beng
041 _2eng
_aeng
082 _aO15,1B2x, L3
100 _aBuck William
_9505210
245 0 _aMahabharata.
260 _c1973
942 _hO15,1B2x, L3
_cTEXL
_2CC
999 _c823860
_d823860